Flags of dependent territories - Statistics

General Stats
  • This quiz has been taken 9,518 times
  • The average score is 35 of 78
Answer Stats
Picture Hint Answer % Correct
American Samoa
83%
Hong Kong
80%
Greenland
79%
Aruba
78%
Isle of Man
77%
Puerto Rico
75%
Guam
74%
Palestine
74%
Gibraltar
72%
Faroe Islands
71%
Macau
71%
Anguilla
66%
Jersey
66%
Aland Islands
65%
Christmas Island
65%
Cook Islands
64%
Bermuda
63%
US Virgin Islands
63%
Guernsey
62%
Abkhazia
61%
New Caledonia
59%
Niue
59%
Cocos (Keeling) Islands
58%
Norfolk Island
58%
Unofficial Saint Martin
58%
Also known as Sahrawi Arab Dem. Republic Western Sahara
57%
Curacao
56%
French Polynesia
56%
British Virgin Islands
54%
Northern Cyprus
54%
Falkland Islands
53%
British Indian Ocean Territory
52%
Bonaire
50%
Tokelau
50%
Somaliland
49%
Unofficial French Guiana
48%
Northern Mariana Islands
48%
Montserrat
45%
Transnistria
45%
Unofficial (status disputed) Tibet
44%
Cayman Islands
42%
Easter Island
42%
Unofficial Wake Island
41%
Unofficial Martinique
40%
South Ossetia
40%
Unofficial Johnston Atoll
39%
Sint Maarten
39%
Azores
38%
Unofficial Guadeloupe
38%
Pitcairn Islands
37%
Unofficial Reunion
37%
Ascension
35%
Canary Islands
35%
Saba
34%
Unofficial Saint Pierre and Miquelon
34%
Turks and Caicos Islands
34%
Unofficial Wallis and Futuna
34%
Unofficial (adopted) Mayotte
32%
Saint Helena
32%
Ceuta
28%
French Southern and Antarctic Lands
26%
Nagorno-Karabakh
25%
Sint Eustatius
25%
Tristan da Cunha
25%
Unofficial Saint Barthelemy
24%
British Antarctic Territory
23%
Melilla
20%
South Georgia and the South Sandwich Islands
20%
Puntland
17%
Unofficial Midway Atoll
13%
Unofficial Ross dependency
12%
Ashmore and Cartier Islands
11%
Unofficial (disputed) Navassa
10%
Unofficial Palmyra Atoll
10%
Unofficial Kingman Reef
9%
Status disputed Chilean Antarctic Territory
8%
Unofficial Akroditi and Dhekelia
4%
Status disputed Argentine Antarcitic
3%
No matching quizzes found
Score Distribution
Percent of People with Each Score
Percentile by Number Answered
Your Score History
You have not taken this quiz